000
00280nam a2200109Ia 4500
008
190216s9999||||xx |||||||||||||| ||und||
100
_a
Dogra S. K & Dogra S
245
0
_a
Physical Chemistry Through Problems
260
_b
Wiley Eastern Ltd
_c
1984
300
_a
674p
942
_c
BK
999
_c
2628
_d
2628